000 00530nam a2200169Ia 4500
005 20260121165315.0
008 260121s9999 xx 000 0 und d
020 _a978-93-95664-52-3
041 _amar
082 _a954.8
100 _aकुंटे, शरद
245 _aतामिळनाडूची गौरवशाली परंपरा
250 _a1
260 _bभारतीय विचार साधना पुणे
_c2023
300 _a154
650 _aमराठी साहित्य
999 _c370027
_d370027